000 01201nam a2200301 i 4500
003 EG-GICUC
005 20260121101651.0
008 260106s2018 ua ||||fr|||| 00| 0 ara d
040 _a EG-GICUC
_bara
_c EG-GICUC
_d EG-GICUC
_erda
041 0 _aara
082 0 4 _221
_a345.43
_bأ ن . م
092 0 4 _221
099 _aLaw1 345.43 أ ن . م 2018
100 0 _aأنور خلف اليحيى العبدالله
_eمؤلف.
245 1 0 _aمدى ممارسة الموظف العام للحقوق والحريات السياسية :
_bدراسة مقارنة /
_cالدكتور أنور خلف اليحيى العبدالله.
264 1 _aالإسكندرية :
_bدار الكتب و الدراسات العربية،
_c2018.
300 _a433 ؛ صفحة
_c24 سم.
336 _2rda content
_atext
337 _2rda media
_aComputer
338 _2rda carrier
_aOnline Resource
504 _a. 413-426 ببليوجرافيا: صفحات
546 _aالنص باللغة العربية
650 1 4 _aحقوق الموظف العام
650 1 4 _aالقانون الإداري
856 4 0 _uhttps://fll.law.cu.edu.eg/fulltext/bks/B07-01395.pdf
905 _a77
942 _2ddc
_cBK
_e21
_n0
999 _c54767
_d54767